|
|
|
|
| LEADER |
00000cam a2200000 7i4500 |
| 001 |
0000000671 |
| 002 |
000000767 |
| 005 |
20000330.0 |
| 020 |
|
|
|a 9838782114
|
| 090 |
0 |
0 |
|a 030
|b TIT
|
| 100 |
1 |
|
|a Mayes, Susan
|
| 245 |
1 |
0 |
|a Dari manakah elektrik datang?
|c Susan Mayes illustrasi oleh John Shackell dan John Scorey
|
| 260 |
|
|
|a Johor Bahru :
|b Pelangi Sdn Bhd ,
|c 19__
|
| 300 |
|
|
|a 24p :
|b ill ;
|c 18cm.
|
| 490 |
0 |
|
|a Siri Titik Permulaan Sains Pelangi
|
| 650 |
0 |
0 |
|a Electric currents
|x Juvenile literature
|
| 999 |
|
|
|a 029509
|b BUKU
|c PINJAMAN
|e PERPUSTAKAAN KOMUNITI PETALING JAYA
|
| 999 |
|
|
|a 029510
|b BUKU
|c PINJAMAN
|e PERPUSTAKAAN KOMUNITI PETALING JAYA
|
| 999 |
|
|
|a 046770
|b BUKU
|c PINJAMAN
|e PERPUSTAKAAN KOMUNITI CAW KOTA DAMANSARA
|